000 00584nam a2200193 u 4500
005 20230511063603.0
008 120613s2011 r 000 0 eng d
020 _a9786074571547
035 _aUPN01000185021
049 _aCG
050 4 _aPN181
_bR8.2
100 1 _aRuvalcaba, Eusebio,
_d1951-2017
_932647
245 1 0 _a52 tips para escribir claro y entendible :
_bcon sus respectivas consideraciones literarias /
_cEusebio Ruvalcaba.
260 _aMéxico :
_bLectorum,
_c2011.
300 _a158 p.
650 2 _aArte de escribir
_92551
905 _aLibro
999 _c157124
_d157124